LIBRARY & INFORMATION CENTRE, KCAET, TAVANUR

ONLINE PUBLIC ACCESS CATALOGUE (OPAC)

Bhashabharatham: Harivamsam - Vishnu bhavishyal parvangal / (Record no. 6515)

MARC details
000 -LEADER
fixed length control field 00470cam a2200157ua 4500
041 ## - LANGUAGE CODE
Language code of text/sound track or separate title mal
082 ## - DEWEY DECIMAL CLASSIFICATION NUMBER
Classification number 894.8121
Item number KUN/BH
100 ## - MAIN ENTRY--AUTHOR NAME
Personal name Kunhukuttan Thampuran, Kodungallur.
245 ## - TITLE STATEMENT
Title Bhashabharatham: Harivamsam - Vishnu bhavishyal parvangal /
250 ## - EDITION STATEMENT
Edition statement 1 /
260 ## - PUBLICATION, DISTRIBUTION, ETC. (IMPRINT)
Place of publication Cheruthuruthy :
Name of publisher Vallathol Granthalayam ,
Year of publication 1958.
300 ## - PHYSICAL DESCRIPTION
Number of Pages 730 ; .
942 ## - ADDED ENTRY ELEMENTS (KOHA)
Koha item type Books
Holdings
Withdrawn status Lost status Damaged status Home library Current library Date acquired Full call number Accession Number Koha item type
Withdrawn     KAUAET Malayalam University 07/04/2012 894.8121 497 Books
free website counter